00473cam a22001217a 4500008004000000082001200040100002300052245007000075260003600145300001400181500011500195650004100310180718b1993 xxu||||| |||| 00| 0 eng d aB1 So13 aVidyasagar, N.E.C. aPeasant and labour migration to an irrigated village in Karnataka aNew DelhibOrient Longmanc1993 ap.123-136 a[In] Sociology of development and change, edited by Chandrasekhar Bhat, Laxmi Narayan Kadekar and K. Ranga Rao aLabour migration - India - Karnataka